| 000 | 01233nam2a22002411 4500 | ||
|---|---|---|---|
| 001 | rc\4609607 | ||
| 005 | 20130416194541.1 | ||
| 035 | _a(NLR Aleph) 008670176 | ||
| 090 |
_a9115236 _c9115236 |
||
| 100 | _a20130416d1958 |||y0rusy50 ca | ||
| 101 | 0 | _arus | |
| 102 | _aRU | ||
| 105 | _aa z ||||| | ||
| 200 | 0 |
_aТ. 1 _f[Ред. коллегия: И.П. Емельянов (гл. ред.) и др.] |
|
| 210 | _d1958 | ||
| 215 |
_a288 с. _cил. |
||
| 461 | 0 |
_1001rc\4609606 _12001#$aОчерки истории Удмуртской АССР$eТ. 1-2$fУдмурт. науч.-исслед. ин-т истории, экономики, литературы и языка при Совете Министров Удмурт. АССР$vТ. 1 _99115233 _cИжевск _d1958-1962 _fУдмурт. науч.-исслед. ин-т истории, экономики, литературы и языка при Совете Министров Удмурт. АССР _nУдмурт. кн. изд-во _oТ. 1-2 _p2 т. _tОчерки истории Удмуртской АССР _vТ. 1 |
|
| 702 | 1 |
_aЕмельянов _bИ. П. _4340 |
|
| 801 | 0 |
_aRU _bNLR _gpsbo |
|
| 801 | 1 |
_aRU _bELAR _2rusmarc |
|
| 852 |
_aNLR _j58-5/2571 |
||
| 942 | _cBOOK | ||
| 980 | _aNB | ||